| 000 | 00378nam a2200133Ia 4500 | ||
|---|---|---|---|
| 005 | 20260326235438.0 | ||
| 008 | 260326s9999||||xx |||||||||||||| ||und|| | ||
| 100 | _aBlake, Peter | ||
| 245 | 0 |
_aMaestros de la Arquitectura : _b Le Corbusier, Mies Van der Rohe y Frank LLoyd Wright / _cPeter Blake |
|
| 260 | _bVictor Leru | ||
| 300 | _a353 p. | ||
| 650 | _aARQUITECTOS | ||
| 942 | _cBK | ||
| 999 |
_c7305 _d7305 |
||